000 00428nam a2200193Ia 4500
001 14344
003 GE_BSU
008 181216s||||||||xx |||||||||||||| ||und||
040 _cGE_BSU
080 _a82-93
100 _aProysen,Alf
245 _aMrs Pepperport to the Rescue
260 _aLondon
260 _bPenguin Books
260 _c1960
300 _a122p.20cm.
653 _aMrs Pepperport to the Rescue
942 _cBK
999 _c47480
_d47480